| 000 | 00458cam a2200169ua 4500 | ||
|---|---|---|---|
| 020 | _c6.00 | ||
| 041 |
_amal _h |
||
| 082 |
_a415 _bRAJ/KE |
||
| 100 | _aRaja Raja Varma, A R . | ||
| 245 |
_aKerala panineeyam: Malayala vyakaranam / _cA R Raja Raja Varma. _hTextual Documents |
||
| 260 |
_aThiruvananthapuram : _bB V Book Depot & Printing Works , _c1966. |
||
| 300 | _a381 ; . | ||
| 365 | _a6.00 | ||
| 504 | _a | ||
| 942 | _cBK | ||
| 999 |
_c5986 _d5986 |
||